000 00453nam a2200181Ia 4500
003 GCL
008 140319s9999 xx 000 0 eng d
040 _aGCL /
_cGCL
082 0 4 _a720.9495
_bT A
100 1 _aTOY, MAGGIE
245 1 0 _aARCHITECTURE IN ARCADIA /
_cTOY, MAGGIE
260 _a[S.N] :
_bACADEMY EDITIONS ،
_c1993
300 _a96 P
650 0 4 _aARCHITECTURE
650 0 4 _aGREECE
650 0 4 _aARCADIA ARCHITECTURE
942 _2ddc
_cBK
999 _c11441
_d11441